Słowo lub zwrot, który wymawiamy zazwyczaj kilka razy dziennie - Statystyki

Ogólne statystyki
  • Ten quiz został rozwiązany 18 razy
  • Średni wynik to 3 z 5
Statystyki odpowiedzi
Hint Odpowiedź % Poprawnych
2. Dzień dobry
94%
3. Cześć
81%
4. Do widzenia
75%
5. Proszę
44%
1. Przepraszam
44%
Nie znaleziono quizów pasujących do podanych kryteriów
Rozkład punktacji
Procent ludzi z każdym wynikiem
Percentyl według liczby udzielonych odpowiedzi
Twoja historia wyników
Nie rozwiązałeś tego quizu